000 00356nam a22001457a 4500
008 210602b ||||| |||| 00| 0 eng d
020 _a9780893917203
041 _aeng
080 _a37
082 _a37
100 _a46
101 _aEDU
245 _aEffective Schooling for Economically Disadvantaged Students
_cJ. Howard Johnston
942 _2udc
_cBK
999 _c57908
_d57908